| 000 | 00524nam a22001937a 4500 | ||
|---|---|---|---|
| 003 | ASAB | ||
| 005 | 20180827062719.0 | ||
| 008 | 161130t xxu||||| |||| 00| 0 eng d | ||
| 020 | _a978-81-89473-66-2 | ||
| 040 | _cASAB | ||
| 082 | _a635.0421 | ||
| 100 |
_aY.S. Sreenivas _92409 |
||
| 245 | _aSeed production of commercial vegetables | ||
| 260 |
_aJaipur, India. _bOxford Book Company _c2009 |
||
| 300 |
_a316 P. _c21 cm |
||
| 630 |
_aSeed Production _93690 |
||
| 630 |
_aCommercial Vegetables _93691 |
||
| 942 |
_2ddc _cBK |
||
| 999 |
_c480360 _d480360 |
||